00705cam a2200229 4500001001300000003000400013005001700017008004100034010002200075025002000097041001100117050002100128082001600149100002100165240002700186245011500213260006700328300001800395350000900413700003600422999001700458sa 68017410 DLC20260227112702.0710517s1967 ii 00000 eng  asa 68017410 //r83 aPL480:I-E-106201 aengund0 aBL1226.3b.A5313 a894/.811/1100aĀṇṭāḷ.10aTiruppāvai.lEnglish14aThe divine song of Goda.cEnglish translation of Andal's Tiruppavai with transliteration by V. K. Varadachari.0 a[Madras,bVisual Graphics; distributors: Higginbothams,c1967] a63 p.c18 cm. a1.7511aVaradachari, V. K.,d1923-etr. c87706d87706